000 00344nam a2200121Ia 4500
008 210430s9999 xx 000 0 und d
082 _a620.11 K22 M
100 _aAutar K.Kaw
_953973
245 _aMechanics of Composite Materials 2nd ed
_cAutar K.Kaw
260 _aBoca Raton
_bCRC Taylor & Francis
_c2006
300 _a466p.
942 _cBK
_2ddc
999 _c564363
_d564363